000 00947nam a2200217Ia 4500
001 19431
003 GE_BSU
008 181216s||||||||xx |||||||||||||| ||und||
040 _cGE_BSU
245 _aიბერიულ-კავკასიური ენათმეცნიერება VI = иберийско-кавказкое языкознание=IVERO-CAUCASIA
245 _cრედ: ქ.ლომთათიძე
260 _aთბილისი
260 _bსაქართველოს სსრ მეცნიერებათა აკადემიის გამომცემლობა
260 _c1954
300 _a503გვ;26სმ.
541 _h4ლ.64თ.
653 _aენათმეცნიერება
653 _aიბერიულ-კავკასიური ენათმეცნიერება VI
653 _aქართული ენა
942 _cBK
999 _c52411
_d52411